000
00285nam a2200109Ia 4500
005
20251222152002.0
008
251222s9999||||xx |||||||||||||| ||spa||
020
_a
84-670-0220-4
082
_a
REF.423/E84/T.9
245
0
_a
"Diccionario español-inglés, inglés- español"
942
_c
LIB
999
_c
24594
_d
24594